000 00339nam a22001457a 4500
008 230517b ||||| |||| 00| 0 eng d
020 _a0829904034
041 _aeng
080 _2THIRD EDITION
_a7
082 _a7PIC
100 _a20
101 _aART
245 _aTHEATRE A CONTEMPORARY INTRODUCTION
_cPICKERING.V.J
942 _2udc
_cBK
999 _c59766
_d59766